000 00298nam a2200133 i 4500
001 bg
100 1 _aZAHN, Markus
245 0 _aPole elektromagnetyczne /
_cMarkus Zahn.
260 _aWarszawa,
_c1989.
040 _cBPK
041 _apol
942 _cKS
008 s pl f |000 0 pol
999 _c3981
_d3981
856 _uhttp://koha.tu.koszalin.pl/cgi-bin/koha/opac-detail.pl?biblionumber=3981
_yKatalog online BPK